Anime by bad plot description - Statistics

General Stats
  • This quiz has been taken 833 times
  • The average score is 14 of 20
Answer Stats
Hint Answer % Correct
Boy absorbs dog with a chainsaw Chainsaw Man
97%
Bald man wins fights with one punch One Punch Man
97%
Giant people eat small people, with walls Attack On Titan
96%
Boy gets a book and decides to play God Death Note
94%
Boy eats fingers and gains evil powers Jujutsu Kaisen
92%
Everyone wants orange balls that grantwishes Dragonball
85%
Spiky haired boy trying to find his dad Hunter X Hunter
84%
"Weakest" hunter alive aura farms the whole show Solo Leveling
74%
Girl and Boy cant remember each others names Your Name
72%
Girl wants to eat a Pancreas and dies I Want to Eat Your Pancreas
70%
Guy with no smartphone rizzes bunny girl Rascal Does Not Dream of Bunny Girl Senpai
69%
Deaf girl falls in love with her childhood bully A Silent Voice
68%
High school student loses his genitals but gains cool powers Dan Da Dan
68%
Gojo dresses up his Darling My Dress up Darling
68%
Guy dies over and over to fix a fantasy world Re:Zero - Starting Life in Another World
60%
Middle school boy can't play music becausehis abusive mother died Your Lie in April
56%
White haired gay guy befriends man whowields a large sword Berserk
45%
Obsessed doctor gets murdered andreborn Oshi No Ko
40%
Murderer on death row with fire powers goes to an island Hell's Paradise
35%
White hair android lady Nier Automata
20%
No matching quizzes found
Score Distribution
Percent of People with Each Score
Percentile by Number Answered
Your Score History
You have not taken this quiz